[Event "Donau op-B 09th"]
[Site "Aschach"]
[Date "2000.12.28"]
[Round "4"]
[White "Moherndl, Gerhard"]
[Black "Plencner, Christian"]
[Result "0-1"]
[WhiteElo "1688"]
[BlackElo "1893"]
[PlyCount "78"]
[EventDate "2000.12.26"]
[EventType "swiss"]
[EventRounds "7"]
[EventCountry "AUT"]
[SourceTitle "EXT 2004"]
[Source "ChessBase"]
[SourceDate "2003.11.25"]
[SourceVersion "1"]
[SourceVersionDate "2003.11.25"]
[SourceQuality "1"]

1. d4 Nf6 2. Nf3 d5 3. Bf4 e6 4. e3 Be7 5. Bd3 Nbd7 6. 0-0 0-0 7. Nbd2 Nh5 8. c4 Nxf4 9. exf4 Re8 10. Qc2 g6 11. cxd5 exd5 12. f5 Nf8 13. Ne5 f6 14. Nef3 Kg7 15. Rfe1 Bd6 16. Rxe8 Qxe8 17. Re1 Qf7 18. Nf1 Bd7 19. h4 Re8 20. Ne3 b6 21. Qd2 Bf4 22. g4 gxf5 23. Bxf5 Kg8 24. Qd3 h5 25. Bxd7 Qxd7 26. Qf5 Qxf5 27. gxf5 c6 28. Kg2 Kg7 29. Kh3 Kf7 30. Kg2 Nd7 31. b4 Bd6 32. Rc1 Nb8 33. b5 cxb5 34. Nxd5 Re2 35. Nc3 Rb2 36. a4 bxa4 37. Nxa4 Rb4 38. Nc3 Rc4 39. Rc2 Bb4 0-1

[Event "Werfen op-B"]
[Site "Werfen"]
[Date "1995.??.??"]
[Round "2"]
[White "Schneider, Martin"]
[Black "Moherndl, Gerhard"]
[Result "1-0"]
[WhiteElo "1895"]
[BlackElo "1730"]
[PlyCount "101"]
[EventDate "1995.08.??"]
[EventType "swiss"]
[EventRounds "16"]
[EventCountry "AUT"]
[SourceTitle "EXT 2000"]
[Source "ChessBase"]
[SourceDate "1999.11.16"]
[SourceVersion "1"]
[SourceVersionDate "1999.11.16"]
[SourceQuality "1"]

1. e4 c6 2. c4 e6 3. Nc3 d5 4. d4 Bb4 5. e5 Ne7 6. Nf3 dxc4 7. Bxc4 Nd5 8. Bd2 Bxc3 9. bxc3 b5 10. Bd3 0-0 11. 0-0 f5 12. exf6 Nxf6 13. Qb3 a5 14. a4 bxa4 15. Rxa4 Na6 16. Qc4 Nd5 17. Ne5 Qc7 18. Ra3 c5 19. Be4 Bb7 20. Qd3 Nf6 21. Bxb7 Qxb7 22. Rxa5 cxd4 23. cxd4 Nc7 24. Rb1 Qe4 25. f3 Qxd3 26. Nxd3 Rfd8 27. Rxa8 Rxa8 28. Rb7 Ncd5 29. Nf4 Ra1+ 30. Kf2 Ra2 31. Ke1 Ra1+ 32. Ke2 Nxf4+ 33. Bxf4 Ra2+ 34. Bd2 Nd5 35. g3 Nc3+ 36. Kd3 Nd5 37. h4 Ra3+ 38. Ke4 Ra2 39. Ke5 Ra6 40. h5 h6 41. Bb4 Rc6 42. Bd6 Nf6 43. Kxe6 Rc3 44. Be5 Rxf3 45. g4 Re3 46. Kf5 Kh7 47. Bxf6 Rf3+ 48. Ke5 Rxf6 49. d5 Rf1 50. d6 Re1+ 51. Kd4 1-0